| 000 | 00725nam a2200205 i 4500 | ||
|---|---|---|---|
| 001 | 113500 | ||
| 003 | ES-MaACL | ||
| 005 | 20250727034236.0 | ||
| 007 | t| | ||
| 008 | 061121s1949 sp r ||||1| spa d | ||
| 100 | 1 |
_aPabón y Suárez de Urbina, Jesús, _d1902-1976 _988103 |
|
| 245 | 1 | 0 |
_aBolchevismo y literatura _b: (la novela soviética en sus creaciones típicas) / _cJesús Pabón. |
| 250 | _a[2 ª ed.]. | ||
| 260 |
_aSantander ; _aMadrid : _bAntonio Zúñiga, _c1949. |
||
| 300 |
_aXIX, 181 p. 2 lám. : _bil. ; _c22 cm. |
||
| 650 | 7 |
_aComunismo y literatura _2embne _9160776 |
|
| 650 | 4 |
_aNovela rusa- _xHistoria y crítica. _9160777 |
|
| 852 |
_aES-MaACL _jB-1901 _bR.29122 |
||
| 999 |
_c113500 _d113500 |
||